000
00190nam a2200085 4500
001
1238422
005
20251006093808.0
245
_a
BİLİM VE TEKNİK
_c
KOMİSYON
260
_b
TÜBİTAK YAYINLARI
999
_c
1238422
_d
1238422